UBT Library

Whaley & Wong's essentials of pediatric nursing / (Record no. 47264)

000 -LEADER
fixed length control field 00872pam a2200265 a 4500
001 - CONTROL NUMBER
control field 2108810
005 - DATE AND TIME OF LATEST TRANSACTION
control field 20180823042228.0
008 - FIXED-LENGTH DATA ELEMENTS--GENERAL INFORMATION
fixed length control field 961001s1997 moua b 001 0 eng c
010 ## - LIBRARY OF CONGRESS CONTROL NUMBER
LC control number 96046309
020 ## - INTERNATIONAL STANDARD BOOK NUMBER
International Standard Book Number 0815192703
040 ## - CATALOGING SOURCE
Original cataloging agency DNLM/DLC
Transcribing agency DLC
Modifying agency DLC
041 ## - LANGUAGE CODE
Language code of text/sound track or separate title eng
060 10 - NATIONAL LIBRARY OF MEDICINE CALL NUMBER
Classification number WY 159 W872w 1997
080 ## - UNIVERSAL DECIMAL CLASSIFICATION NUMBER
Universal Decimal Classification number 610.7362
082 00 - DEWEY DECIMAL CLASSIFICATION NUMBER
Classification number 610.7362
Edition number 21
100 1# - Rafti
Rafti 2
101 ## - Shkurtesa
Shkurtesa NUR
245 10 - TITLE STATEMENT
Title Whaley & Wong's essentials of pediatric nursing /
Statement of responsibility, etc Donna L. Wong.
246 30 - VARYING FORM OF TITLE
Title proper/short title Essentials of pediatric nursing
246 3# - VARYING FORM OF TITLE
Title proper/short title Whaley and Wong's essentials of pediatric nursing
504 ## - BIBLIOGRAPHY, ETC. NOTE
Bibliography, etc Includes bibliographical references and index.
906 ## - LOCAL DATA ELEMENT F, LDF (RLIN)
a 7
b cbc
c orignew
d 1
e ocip
f 19
g y-gencatlg
942 ## - ADDED ENTRY ELEMENTS (KOHA)
Source of classification or shelving scheme
Item type Books
Holdings
Withdrawn status Lost status Source of classification or shelving scheme Damaged status Not for loan Collection code Permanent location Current location Shelving location Date acquired Total Checkouts Full call number Barcode Date last seen Price effective from Koha item type
          Koleksioni i përgjithshem UBT - Lipjan UBT - Lipjan Koleksioni i përgjithshem 08/23/2018   610.7362 WON 002-3012127 08/23/2018 08/23/2018 Books
UBT Library © 2015-2024. All rights reserved University Education for Business and Technology